书目信息 |
| 题名: |
农家心歌
|
|
| 作者: | 史掌元 曲 | |
| 分册: | ||
| 出版信息: | 北京 人民音乐出版社 2005 |
|
| 页数: | 178页 | |
| 开本: | 21cm | |
| 丛书名: | ||
| 单 册: | ||
| 中图分类: | J642.5 | |
| 科图分类: | ||
| 主题词: | 创作歌曲--中国--现代--选集 , 创作歌曲 | |
| 电子资源: | ||
| ISBN: | 7-103-03007-3 | |
| 000 | 00815nam0 2200241 450 | |
| 001 | 002936326 | |
| 005 | 20070806180443.76 | |
| 010 | @a7-103-03007-3@dCNY11.00 | |
| 100 | @a20050801d2005 em y0chiy0110 ea | |
| 101 | 0 | @achi |
| 102 | @aCN@b110000 | |
| 105 | @aag z 000yy | |
| 200 | 1 | @a农家心歌@9nong jia xin ge@e史掌元创作歌曲专辑@f史掌元曲 |
| 210 | @a北京@c人民音乐出版社@d2005 | |
| 215 | @a178页@c照片@d21cm | |
| 330 | @a本书收录了《唱得幸福落满坡》、《一点也不假》、《请到我们山庄来》、《解放军和咱心连心》、《党的阳光照山村》等多首歌曲。 | |
| 517 | 1 | @a史掌元创作歌曲专辑@9shi zhang yuan chuang zuo ge qu zhuan ji |
| 606 | 0 | @a创作歌曲@y中国@z现代@j选集 |
| 606 | 0 | @a创作歌曲 |
| 690 | @aJ642.5@v4 | |
| 701 | 0 | @a史掌元@9shi zhang yuan@4曲 |
| 801 | 0 | @aCN@bNLC@c20070806 |
| 905 | @a10447@dJ642.5@e226 | |
| 农家心歌:史掌元创作歌曲专辑/史掌元曲.-北京:人民音乐出版社,2005 |
| 178页:照片;21cm |
| ISBN 7-103-03007-3:CNY11.00 |
| 本书收录了《唱得幸福落满坡》、《一点也不假》、《请到我们山庄来》、《解放军和咱心连心》、《党的阳光照山村》等多首歌曲。 |
| ● |
| 相关链接 |
|
|
|
|
正题名:农家心歌
索取号:J642.5/226
 
预约/预借
| 序号 | 登录号 | 条形码 | 馆藏地/架位号 | 状态 | 备注 |
| 1 | 0804806 | 208048067 | 第一样本阅览室/ [索取号:J642.5/226] | 在馆 | |
| 2 | 0804807 | 208048076 | 第一借阅区/ [索取号:J642.5/226] | 在馆 | |
| 3 | 0804808 | 208048085 | 第一借阅区/ [索取号:J642.5/226] | 在馆 | |
| 4 | 0804809 | 208048094 | 第一借阅区/ [索取号:J642.5/226] | 在馆 | |
| 5 | 0804810 | 208048101 | 密集书库-音乐系/ [索取号:J642.5/226] | 在馆 |